00523nam a22001577a 4500020001800000040000900018082001400027100002600041245006400067250001900131260004800150650003200198942001200230999001900242952010400261 a9780824753801 cNUST a620.3 BEN aBenaroya, Haym958546 aMechanical Vibration:bAnalysis, Uncertainties, and Control aSecond Edition aNew York:b Marcel Dekker, New York,c2004. aMechanical Vibration958547 2ddccBK c595523d595523 00102ddc4070aCEMEbCEMEcGENd2023-08-15l0o620.3 BENpCEME-41816.r2023-08-15w2023-08-15yBK